000
00284nam a2200121Ia 4500
008
220204s9999 xx 000 0 und d
082
_b
GRE
100
_a
Grenzer, Louis E
245
0
_a
Textbook study guide of cardiology
250
_a
2
260
_a
Tokyo
_b
Igaku
_c
1979
942
_c
BK
999
_c
34971
_d
34971